00567 2200217 4500001002100000005001500021035002000036008004100056100002100097245004100118250001600159300002700175020001800202082000800220084001800228084001800246260004100264650001800305990001300323990001300336INLIS00000000000874820251224051054 a0010-0123000289230616 g 0 ind  aNorbertus Kaleka1 aBudi daya terong /cNorbertus Kaleka aCet. 1 2016 a82 halaman ;c20,5 cm. a9786023170593 a635 a635 NOR b C.1 a635 NOR b C.2 aSurakarta :bBisa! Publishing,c2018 4aTanaman Kebun a022.1373 a022.1374